Statistics for Countries Of Europe With No Letter A

Click here to take the quiz!

General Stats

  • This quiz has been taken 82 times
  • The average score is 6 of 7

Answer Stats

Answer% Correct
Sweden
95%
Greece
89%
Belgium
89%
Luxembourg
85%
Kosovo
78%
Liechtenstein
69%
Montenegro
64%

Score Distribution

Percentile by Number Answered

Percent of People with Each Score

Your Score History

You have not taken this quiz